Four Letter Geography - R - Statistics

General Stats
  • This quiz has been taken 58 times
  • The average score is 5 of 10
Answer Stats
Hint Answer % Correct
Capital of Italy Rome
100%
The great barrier ____ Reef
98%
Capital of Latvia Riga
93%
___erdam, Netherlands Rott
91%
Easter Island: ____ Nui Rapa
50%
River in Germany Ruhr
39%
Sea in Antarctica Ross
24%
Mountain in Bulgaria Rila
9%
River in India/Pakistan Ravi
4%
River in Latvia Roku
2%
No matching quizzes found
Score Distribution
Percent of People with Each Score
Percentile by Number Answered
Your Score History
You have not taken this quiz